| 000 | 00833cam a2200277 a 4500 | ||
|---|---|---|---|
| 999 |
_c10464 _d10464 |
||
| 001 | 3367688 | ||
| 003 | OSt | ||
| 005 | 20210224144006.0 | ||
| 008 | 870603s1987 ilu 000 0 eng | ||
| 010 | _a 87016856 | ||
| 020 |
_a0877849455 (pbk.) : _c$5.95 |
||
| 040 |
_aDLC _cDLC _dDLC |
||
| 050 | 0 | 0 |
_aBV4630 _bH992W |
| 082 | 0 | 0 |
_a241 _219 _bH992W |
| 100 | 1 | _aHybels, Bill. | |
| 245 | 1 | 0 |
_aWho you are when no one's looking : _bchoosing consistency, resisting compromise / _cBill Hybels ; edited by LaVonne Neff. |
| 260 |
_aDowners Grove, Ill. : _bInterVarsity Press, _cc1987. |
||
| 300 |
_a113 p. ; _c21 cm. |
||
| 650 | 0 | _aVirtues. | |
| 650 | 0 | _aCharacter. | |
| 650 | 0 | _aChristian ethics. | |
| 650 | 0 | _aChristian life. | |
| 700 | 1 | _aNeff, LaVonne. | |
| 906 |
_a7 _bcbc _corignew _d1 _eocip _f19 _gy-gencatlg |
||
| 942 |
_2ddc _cBK |
||